000 00406cam a2200181 4500
001 D12595
008 090401t1921 xxu||||| |||| 00| 0 eng d
035 _a(Sirsi) u4538
041 _aeng
100 _aDavies, Daniel
245 _aProblems in land and mine surveying
250 _a2nd rev en
260 _bGriffin
_c1921
350 _a0
520 _aShelf 178
942 _n0
948 _c04/03/1997
999 _c86039
_d86039